00980nam a2200265 a 450000100060000000300080000600500170001400800410003102000150007203500190008704000230010604100080012908200300013710000280016724500930019526000380028830000300032650400300035665000480038665000280043483000750046294200120053799900170054995201480056660610BD-RjUL20211209080849.0170101s1969 stk b 001 0 eng  a0050016725 a(BD-RjUL)60734 aDLCcDLCdm.cbeng aeng a370.1109481223bTHE 19691 aThonstad, Tore.918054010aEducation and manpower :btheoretical models and empirical applications /cTore Thonstad aEdinburgh :bOliver & Boyd,c1969 axiv, 162, [2] p. ;c26 cm aBibliographical footnotes 0aEducationxEconomic aspectszNorway9180541 0aManpower policy9176438 0aReport (London School of Economics and Political Science) ;v59180543 2ddccBK c60610d60610 00102ddc40718NFICaRUCLbRUCLcReadingd1973-08-02eMitali Proka.g82.50l0o370.1109481 THE 1969r2017-01-01 00:00:00tC-1w2017-01-01yBK